[Event "Ville d'Orsay online Blitz"]
[Site "Europe Echecs INT"]
[Date "2021.02.07"]
[Round "7"]
[White "Poiraud, Ludovic"]
[Black "Astier, Sylvain"]
[Result "1-0"]
[WhiteElo "2048"]
[BlackElo "1653"]
[PlyCount "120"]
[EventDate "2021.02.07"]
[EventType "swiss (blitz)"]
[EventRounds "11"]
[EventCountry "FRA"]
[SourceTitle "CBM 200 Extra"]
[Source "ChessBase"]
[SourceDate "2021.03.31"]
[SourceVersion "1"]
[SourceVersionDate "2021.03.31"]
[SourceQuality "1"]

1. e4 b6 2. Nf3 Bb7 3. Nc3 Nf6 4. d3 e6 5. Bd2 d5 6. exd5 Nxd5 7. Be2 Be7 8. 0-0 Bf6 9. Nxd5 Bxd5 10. c3 0-0 11. d4 Nd7 12. Bf4 c5 13. b3 Rc8 14. Rc1 cxd4 15. Ba6 Bxf3 16. Qxf3 Rxc3 17. Rxc3 dxc3 18. Bd6 Be7 19. Bxe7 Qxe7 20. Qxc3 Nc5 21. Be2 Rd8 22. h3 g6 23. Bf3 Qd6 24. Rd1 Qe7 25. Rc1 Rd3 26. Qe5 Qd6 27. Qxd6 Rxd6 28. b4 Nd3 29. Rc8+ Kg7 30. b5 Rd7 31. Kf1 Nf4 32. Rc4 Nd5 33. g3 Kf6 34. a4 Ke7 35. Ke2 Kd6 36. Rc6+ Ke7 37. h4 a6 38. bxa6 Ra7 39. Bxd5 exd5 40. Rxb6 Kd8 41. Kd3 Kc7 42. Rf6 Kb8 43. Kd4 Rd7 44. f3 Ka7 45. g4 Ka8 46. h5 Ka7 47. h6 Ka8 48. Rb6 Ka7 49. Rb7+ Rxb7 50. axb7 Kxb7 51. Kxd5 Ka6 52. Kd6 Ka5 53. Ke7 Kxa4 54. Kxf7 Kb4 55. Kg7 Kc4 56. Kxh7 Kd4 57. Kxg6 Ke3 58. h7 Kxf3 59. h8Q Kxg4 60. Qd4+ Kf3 1-0